Music Quiz

Random Music or Musical Quiz
Score 0/10 Timer 07:00
0 Plays Today
Sung by Song % Correct
Zac Efron and Vanessa HudgensBreaking Free
87%
Zac Efron and Vanessa HudgensStart Of Something New
84.7%
Ashley Tisdale and Lucas GrabeelBop To The Top
84.3%
HSM CastWe're All In This Together
81.5%
Zac EfronGet'cha Head In The Game
74.6%
HSM CastStick To The Status Quo
66.5%
Ashley Tisdale and Lucas GrabeelWhat I've Been Looking For
61.6%
Zac Efron and Vanessa HudgensWhat I've Been Looking For (Reprise)
61.6%
Vanessa HudgensWhen There Was Me And You
60.4%
Zac Efron, Vanessa Hudgens, Ashley Tisdale and Lucas Grabeel [Bonus Track]I Can't Take My Eyes Off Of You
27.3%
Remove Ads.
Support Sporcle.
Get the best of Sporcle when you Go Orange. This ad-free experience offers more features, more stats, and more fun while also helping to support Sporcle. Thank you for becoming a member.

You're not logged in!

Compare scores with friends on all Sporcle quizzes.
OR
Log In

Show Comments

Extras

Top Quizzes Today


Score Distribution

Your Account Isn't Verified!

In order to create a playlist on Sporcle, you need to verify the email address you used during registration. Go to your Sporcle Settings to finish the process.

Report this User

Report this user for behavior that violates our Community Guidelines.

Details: